[Event "9. Lichtenberger Sommer"]
[Site "Berlin"]
[Date "2010.08.10"]
[Round "4.23"]
[White "Strobel, Norbert"]
[Black "Glantz, Robert"]
[Result "0-1"]
[WhiteElo "1986"]
[BlackElo "2207"]
[PlyCount "58"]
[EventDate "2010.??.??"]
[WhiteTeam "SK Zirndorf e.V."]
[BlackTeam "Sfrd. Berlin 1903 e.V."]

1. d4 Nf6 2. Nf3 e6 3. e3 b6 4. Bd3 Bb7 5. Nbd2 Be7 6. b3 O-O 7. O-O c5 8. Bb2
Nc6 9. c4 d5 10. Qe2 Qc7 11. Rfd1 dxc4 12. Bxc4 cxd4 13. Nxd4 Nxd4 14. Bxd4
Rac8 15. h3 Qb8 16. Bb2 Qa8 17. Qf1 Rfd8 18. Rac1 Bb4 19. Nb1 Ne4 20. Rxd8+
Rxd8 21. a3 Be7 22. b4 Bh4 23. g3 Be7 24. Ba6 Bd5 25. Bc4 Bb7 26. Ba6 Bxa6 27.
Qxa6 Ng5 28. h4 Nh3+ 29. Kf1 Qf3 0-1

[Event "9. Lichtenberger Sommer"]
[Site "Berlin"]
[Date "2010.08.10"]
[Round "4.24"]
[White "Meißner, Hans-Jürgen"]
[Black "Schilke, Michael"]
[Result "1-0"]
[WhiteElo "2255"]
[BlackElo "1954"]
[PlyCount "42"]
[EventDate "2010.??.??"]
[WhiteTeam "SV Empor Berlin e.V."]
[BlackTeam "SV Berolina Mitte e.V."]

1. e4 c5 2. Nf3 d6 3. c4 Nc6 4. d4 cxd4 5. Nxd4 Nf6 6. Nc3 e6 7. Be2 Be7 8. O-O
O-O 9. Be3 Re8 10. Qd2 a6 11. Rfd1 Bd7 12. Nb3 b6 13. f3 Bc8 14. Bf1 Qc7 15.
Rac1 Nd7 16. Nd5 exd5 17. cxd5 Nc5 18. dxc6 Qxc6 19. Nd4 Qb7 20. b4 Na4 21. Bc4
Qb8 1-0

[Event "9. Lichtenberger Sommer"]
[Site "Berlin"]
[Date "2010.08.10"]
[Round "4.25"]
[White "Neumaier, Hubert"]
[Black "Kapp, Martin"]
[Result "0-1"]
[WhiteElo "1858"]
[BlackElo "2171"]
[PlyCount "54"]
[EventDate "2010.??.??"]
[WhiteTeam "vereinslos"]
[BlackTeam "TSV IFA Chemnitz"]

1. d4 e6 2. c4 Nf6 3. Nc3 Bb4 4. e3 c5 5. a3 Bxc3+ 6. bxc3 Nc6 7. Bd3 e5 8. Ne2
d6 9. O-O O-O 10. Qc2 h6 11. Ng3 b6 12. Bb2 Ba6 13. f4 Ng4 14. Nf5 g6 15. h3
gxf5 16. hxg4 e4 17. Be2 Na5 18. gxf5 Bxc4 19. Bxc4 Nxc4 20. d5 Nxe3 21. Qe2
Nxf1 22. Qg4+ Kh7 23. Rxf1 Qf6 24. Qe2 Qxf5 25. c4 Rg8 26. Kf2 e3+ 27. Qxe3
Qc2+ 0-1

[Event "9. Lichtenberger Sommer"]
[Site "Berlin"]
[Date "2010.08.10"]
[Round "4.26"]
[White "Lerch, Philipp"]
[Black "Groß, Thorsten"]
[Result "1-0"]
[WhiteElo "1944"]
[BlackElo "2163"]
[PlyCount "91"]
[EventDate "2010.??.??"]
[WhiteTeam "SK König Tegel 1949 e.V."]
[BlackTeam "SC Weisse Dame e.V."]

1. e4 e6 2. d4 d5 3. e5 c5 4. c3 Nc6 5. Nf3 Bd7 6. a3 f6 7. Bb5 fxe5 8. Bxc6
Bxc6 9. Nxe5 Nf6 10. O-O Qc7 11. Bf4 Bd6 12. Re1 O-O 13. Nd2 Be8 14. Bg3 Bh5
15. Ndf3 Ne4 16. Qd3 Rac8 17. dxc5 Nxc5 18. Qe3 a5 19. Nd4 Qe7 20. Nd3 Bxg3 21.
Qxg3 Ne4 22. Qh3 Bf7 23. f3 Ng5 24. Qg3 h6 25. Re5 Qf6 26. Rae1 Bg6 27. Nf2 Bf5
28. Nxf5 exf5 29. Rxd5 Qb6 30. h4 Ne6 31. Rd6 Qxb2 32. Rdxe6 Qxa3 33. Rxh6 Qxc3
34. Rhe6 a4 35. Qe5 Qb4 36. Re7 Rf6 37. Qd5+ Kh7 38. Qd7 Rg8 39. Qxb7 Qxh4 40.
Qc7 Rh6 41. R7e6 Rh5 42. Qe5 Rd8 43. Nh3 Rd2 44. Qf4 Qd8 45. Qg3 a3 46. Qg6+
1-0

[Event "9. Lichtenberger Sommer"]
[Site "Berlin"]
[Date "2010.08.10"]
[Round "4.27"]
[White "Heuer, Thomas"]
[Black "Ewald, Patrick"]
[Result "1-0"]
[WhiteElo "2152"]
[BlackElo "1890"]
[PlyCount "85"]
[EventDate "2010.??.??"]
[WhiteTeam "TSG Neuruppin"]
[BlackTeam "vereinslos"]

1. d4 Nf6 2. Nf3 e6 3. e3 c5 4. c3 d5 5. Nbd2 Nbd7 6. Bd3 Bd6 7. O-O O-O 8. Re1
e5 9. dxe5 Nxe5 10. Nxe5 Bxe5 11. e4 Bxh2+ 12. Kxh2 Ng4+ 13. Kg3 h5 14. f4 g5
15. Nf1 c4 16. Bc2 Qb6 17. Qd4 gxf4+ 18. Bxf4 Qg6 19. Kf3 Nf6 20. Kf2 Re8 21.
Ng3 h4 22. Nf5 dxe4 23. Ne3 Be6 24. Rad1 Ng4+ 25. Nxg4 Bxg4 26. Rxe4 Bf5 27.
Rxe8+ Rxe8 28. Bxf5 Qxf5 29. Re1 Rxe1 30. Kxe1 Qb1+ 31. Kf2 Qxb2+ 32. Kf3 Qc2
33. Qd8+ Kg7 34. Qg5+ Kh7 35. Qxh4+ Kg8 36. Qd8+ Kh7 37. Qh4+ Kg8 38. Qd8+ Kh7
39. Qd2 Qf5 40. g4 Qc8 41. Qd5 Kg6 42. Qh5+ Kf6 43. Qg5+ 1-0

[Event "9. Lichtenberger Sommer"]
[Site "Berlin"]
[Date "2010.08.10"]
[Round "4.28"]
[White "Bethe, Stephan"]
[Black "Kornath, Heinrich"]
[Result "1-0"]
[WhiteElo "2162"]
[BlackElo "1976"]
[PlyCount "99"]
[EventDate "2010.??.??"]
[WhiteTeam "SC Kreuzberg e.V."]
[BlackTeam "SC Friesen Lichtenberg e.V."]

1. e4 e6 2. d3 d5 3. Nd2 c5 4. Ngf3 Nc6 5. g3 Nf6 6. Bg2 Be7 7. O-O O-O 8. Re1
b5 9. e5 Nd7 10. Nf1 a5 11. h4 a4 12. a3 b4 13. N1h2 Qc7 14. Bf4 Ba6 15. Ng4
Rfb8 16. Ng5 Bxg5 17. hxg5 Nf8 18. Kh2 Ng6 19. Rh1 Nxf4 20. gxf4 bxa3 21. bxa3
Ne7 22. Kg1 Ng6 23. Qf3 Rb2 24. Qh3 Rab8 25. Qxh7+ Kf8 26. Ne3 Rb1+ 27. Kh2
Rxa1 28. Rxa1 Qa5 29. f5 Qc7 30. fxg6 Qxe5+ 31. Kh3 Bc8 32. gxf7 Kxf7 33. Rf1
Qf4 34. Qh5+ Ke7 35. Ng4 e5 36. f3 e4 37. dxe4 dxe4 38. Qh7 Bf5 39. Qxg7+ Kd6
40. Rd1+ Kc6 41. Qf6+ Kc7 42. Qf7+ Kc6 43. Qd5+ Kb6 44. Qd6+ Qxd6 45. Rxd6+ Kc7
46. Rd5 exf3 47. Rxc5+ Kd6 48. Rxf5 fxg2 49. Kxg2 Rb2 50. Ne3 1-0

[Event "9. Lichtenberger Sommer"]
[Site "Berlin"]
[Date "2010.08.10"]
[Round "4.29"]
[White "Major, Vitalij"]
[Black "Merz, Rüdiger"]
[Result "1-0"]
[WhiteElo "2071"]
[BlackElo "1920"]
[PlyCount "71"]
[EventDate "2010.??.??"]
[WhiteTeam "SC Zitadelle Spandau 1977 e.V."]
[BlackTeam "SK Zehlendorf e.V."]

1. d4 Nf6 2. Nf3 d5 3. c4 c6 4. Nc3 e6 5. Bg5 Nbd7 6. e3 Bb4 7. Qc2 Qa5 8. Bxf6
Nxf6 9. Nd2 O-O 10. Bd3 h6 11. O-O dxc4 12. Nxc4 Qd8 13. a3 Bd6 14. e4 Bxh2+
15. Kxh2 Ng4+ 16. Kg3 Qg5 17. f4 Qg6 18. e5 f5 19. exf6 Qxf6 20. Kxg4 e5+ 21.
Kg3 exf4+ 22. Kh2 Qxd4 23. Rae1 Qd8 24. Ne5 Be6 25. Bh7+ Kh8 26. Ng6+ Kxh7 27.
Nxf8+ Kg8 28. Qh7+ Kxf8 29. Qh8+ Ke7 30. Qxg7+ Kd6 31. Qe5+ Kd7 32. Qxe6+ Kc7
33. Qe5+ Qd6 34. Nb5+ Kd7 35. Qxd6+ Kc8 36. Qc7# 1-0

[Event "9. Lichtenberger Sommer"]
[Site "Berlin"]
[Date "2010.08.10"]
[Round "4.30"]
[White "Jachym, Adam"]
[Black "Hertwig, Christopher"]
[Result "1-0"]
[WhiteElo "1835"]
[BlackElo "2086"]
[PlyCount "95"]
[EventDate "2010.??.??"]
[WhiteTeam "OKSZ Spolem Opole"]
[BlackTeam "SK König Tegel 1949 e.V."]

1. e4 e6 2. d4 d5 3. Nc3 Nf6 4. e5 Nfd7 5. f4 c5 6. Nf3 Nc6 7. Be3 a6 8. Qd2 b5
9. Qf2 Qb6 10. O-O-O Qa5 11. Kb1 c4 12. f5 Nb6 13. Ng5 Ra7 14. fxe6 Bxe6 15.
Be2 Be7 16. Nxe6 fxe6 17. Bg4 Nd8 18. Qf3 Bb4 19. Ne2 c3 20. b3 Nc4 21. Bc1 Rc7
22. Rd3 Rf8 23. Qh3 g6 24. Qg3 Rff7 25. Ka1 Nb6 26. h4 Nc8 27. h5 Ne7 28. hxg6
hxg6 29. Nf4 Nf5 30. Bxf5 gxf5 31. Rh8+ Kd7 32. Rxd8+ Kxd8 33. Qg8+ Bf8 34.
Nxe6+ Ke8 35. Nxc7+ Qxc7 36. Qg6 Kd8 37. Bg5+ Kc8 38. Qxa6+ Kb8 39. Bf4 Rh7 40.
a3 Rh1+ 41. Ka2 b4 42. g3 Qb7 43. e6+ Kc8 44. Qa4 Kd8 45. Bg5+ Be7 46. Bxe7+
Qxe7 47. Qa8+ Kc7 48. Qa7+ 1-0

[Event "9. Lichtenberger Sommer"]
[Site "Berlin"]
[Date "2010.08.10"]
[Round "4.31"]
[White "Vollbrecht, Lars"]
[Black "Amelang, Thomas"]
[Result "0-1"]
[WhiteElo "1881"]
[BlackElo "2153"]
[PlyCount "74"]
[EventDate "2010.??.??"]
[WhiteTeam "SF Siemensstadt"]
[BlackTeam "SK Siemens München"]

1. e4 g6 2. d4 Bg7 3. Nf3 d6 4. h3 Nf6 5. Nc3 c6 6. a4 Qc7 7. Be3 Nbd7 8. Be2
a6 9. a5 c5 10. d5 O-O 11. O-O b5 12. axb6 Qxb6 13. Ra2 Ne8 14. Qd2 Ne5 15.
Nxe5 Bxe5 16. Bf4 Bg7 17. Bg5 Nf6 18. Rfa1 Ra7 19. Nb5 axb5 20. Rxa7 Nxe4 21.
Qe3 Nxg5 22. Qxg5 Bxb2 23. R1a2 Bf6 24. Qd2 c4 25. Bf1 Bb7 26. Be2 Rb8 27. Bf3
b4 28. R2a4 c3 29. Qd1 Bd4 30. Qe2 Qc7 31. R7a5 b3 32. Rb5 b2 33. Rab4 Be5 34.
g3 Kg7 35. Kg2 Ba6 36. Qxe5+ dxe5 37. Rxb8 Bc4 0-1

[Event "9. Lichtenberger Sommer"]
[Site "Berlin"]
[Date "2010.08.10"]
[Round "4.32"]
[White "Hüttemann, Ralf"]
[Black "Walter, Günter"]
[Result "1-0"]
[WhiteElo "2068"]
[BlackElo "2017"]
[PlyCount "78"]
[EventDate "2010.??.??"]
[WhiteTeam "Schachfreunde Battenberg"]
[BlackTeam "TSG Oberschöneweide e.V."]

1. e4 e5 2. f4 exf4 3. Nf3 Ne7 4. d4 Ng6 5. Bc4 c5 6. c3 Be7 7. O-O Qc7 8. b4
cxb4 9. Qb3 O-O 10. cxb4 Nc6 11. Nc3 Nxb4 12. a3 Nc2 13. Ra2 Ne3 14. Bxe3 fxe3
15. Nd5 Qd8 16. Nxe3 d6 17. Raf2 Qb6 18. Qa2 Nf4 19. Rb2 Qd8 20. Nd5 Nxd5 21.
Bxd5 Rb8 22. h3 h6 23. Kh1 b6 24. Rbf2 Ba6 25. Rd1 Bb7 26. Nh2 Bxd5 27. Qxd5
Qd7 28. e5 Qe6 29. Qe4 dxe5 30. d5 Qd6 31. Ng4 Qxa3 32. Nxe5 Rbd8 33. Rdf1 Bf6
34. Rxf6 gxf6 35. Ng4 Rfe8 36. Nxf6+ Kf8 37. Nxe8 Rxe8 38. Qh7 Ke7 39. Qxf7+
Kd8 1-0

[Event "9. Lichtenberger Sommer"]
[Site "Berlin"]
[Date "2010.08.10"]
[Round "4.33"]
[White "Krefenstein, Sergej"]
[Black "Bergmann, Jens"]
[Result "1-0"]
[WhiteElo "2045"]
[BlackElo "1949"]
[PlyCount "139"]
[EventDate "2010.??.??"]
[WhiteTeam "vereinslos"]
[BlackTeam "SK Tempelhof 1931 e.V."]

1. e4 c6 2. d4 g6 3. Nc3 Bg7 4. Be3 d6 5. g3 Nd7 6. Bg2 Ngf6 7. h3 O-O 8. Nf3
e5 9. dxe5 Nxe5 10. Nxe5 dxe5 11. O-O Qa5 12. Qe2 Be6 13. a3 Rfd8 14. Rfd1 Ne8
15. b4 Qc7 16. Na4 Nd6 17. Nc5 Bc4 18. Qe1 Nb5 19. Bf1 Rxd1 20. Qxd1 Bxf1 21.
Qxf1 b6 22. Nb3 Rd8 23. a4 Nd4 24. Nxd4 exd4 25. Bd2 Re8 26. Re1 c5 27. Qb5 Re6
28. bxc5 bxc5 29. Rb1 Kf8 30. Bf4 Be5 31. Bh6+ Ke7 32. Qe2 f6 33. Bd2 Rb6 34.
Re1 Qb7 35. f4 Bb8 36. Qc4 Qc8 37. Kg2 Kf8 38. c3 Rb2 39. Re2 dxc3 40. Qxc3 Rb6
41. Be3 Rc6 42. Qc4 Bd6 43. Rd2 Be7 44. f5 g5 45. h4 h6 46. hxg5 hxg5 47. Kf3
Qa6 48. Qc2 Qf1+ 49. Rf2 Qh1+ 50. Kg4 Bd6 51. Rh2 Qe1 52. Bf2 Qf1 53. Rh6 Kg7
54. Rg6+ Kf7 55. e5 Bxe5 56. Qb3+ c4 57. Qb7+ Bc7 58. Qxc6 Qe2+ 59. Qf3 Qe5 60.
Qe3 Qd5 61. Qd4 Qc6 62. Rh6 Bb6 63. Rxf6+ Qxf6 64. Qxc4+ Kg7 65. Be1 Qd8 66.
Bc3+ Kf8 67. Qe6 Qd1+ 68. Kxg5 Qc1+ 69. Kg6 Qxc3 70. Qf7# 1-0

[Event "9. Lichtenberger Sommer"]
[Site "Berlin"]
[Date "2010.08.10"]
[Round "4.34"]
[White "Brauer, Thilo"]
[Black "Fischer, Daniel"]
[Result "0-1"]
[WhiteElo "1830"]
[BlackElo "2089"]
[PlyCount "60"]
[EventDate "2010.??.??"]
[WhiteTeam "SC Friesen Lichtenberg e.V."]
[BlackTeam "SK Oberkirch"]

1. c4 d6 2. Nc3 e5 3. g3 f5 4. Bg2 Nf6 5. d3 Be7 6. e3 O-O 7. Nge2 c6 8. O-O
Be6 9. b3 Nbd7 10. Bb2 a5 11. Qc2 Qc7 12. h3 Rae8 13. Rae1 Bd8 14. f4 Qb6 15.
Qd2 Nc5 16. Kh2 Bc7 17. e4 Nfd7 18. d4 Nxe4 19. Nxe4 fxe4 20. fxe5 dxe5 21.
Bxe4 Nf6 22. Bb1 Bc8 23. Qg5 exd4 24. Bxd4 Rxe2+ 25. Rxe2 Qxd4 26. Rxf6 Qxf6
27. Qxf6 gxf6 28. Re7 Be5 29. Bxh7+ Kh8 30. h4 Bd6 0-1

[Event "9. Lichtenberger Sommer"]
[Site "Berlin"]
[Date "2010.08.10"]
[Round "4.35"]
[White "Schwarz, Oliver"]
[Black "Große-Honebrink, Brigitte"]
[Result "1-0"]
[WhiteElo "2114"]
[BlackElo "1934"]
[PlyCount "115"]
[EventDate "2010.??.??"]
[WhiteTeam "SV Bad Schwartau von 1930"]
[BlackTeam "SC Kreuzberg e.V."]

1. d4 Nf6 2. c4 e6 3. Nc3 d5 4. Nf3 Nbd7 5. Bg5 Be7 6. e3 O-O 7. Bd3 dxc4 8.
Bxc4 c5 9. O-O cxd4 10. Nxd4 Nb6 11. Bd3 Nfd5 12. Bxe7 Qxe7 13. Rc1 Nxc3 14.
Rxc3 Nd5 15. Rc4 b6 16. Nc6 Qf6 17. e4 Nf4 18. e5 Qg5 19. Rxf4 Qxf4 20. g3 Qh6
21. Be4 Ba6 22. Re1 Kh8 23. Qd6 Bb7 24. Rd1 g6 25. Qe7 Bxc6 26. Bxc6 Rac8 27.
Bf3 Rc1 28. Qxa7 Rxd1+ 29. Bxd1 Qc1 30. Qd7 Qxb2 31. Qd6 Kg8 32. Bb3 Qb1+ 33.
Kg2 Qe4+ 34. Kh3 h5 35. f4 g5 36. fxg5 Qg4+ 37. Kg2 Qxg5 38. h4 Qd8 39. Qb4 Qc7
40. Qf4 Qe7 41. Qh6 Rd8 42. Bc2 f5 43. exf6 Qf7 44. Qg5+ Kf8 45. Bg6 Qb7+ 46.
Kh2 Rd7 47. Qh6+ Kg8 48. Bxh5 Qe4 49. f7+ Rxf7 50. Bxf7+ Kxf7 51. Qf4+ Qxf4 52.
gxf4 Kg6 53. Kg3 b5 54. Kg4 b4 55. h5+ Kh6 56. Kh4 Kg7 57. Kg5 Kf7 58. h6 1-0

[Event "9. Lichtenberger Sommer"]
[Site "Berlin"]
[Date "2010.08.10"]
[Round "4.36"]
[White "Oginski, Ulrich"]
[Black "Slepuschkin, Shenis"]
[Result "1/2-1/2"]
[WhiteElo "1826"]
[BlackElo "2099"]
[PlyCount "71"]
[EventDate "2010.??.??"]
[WhiteTeam "SC Weisse Dame e.V."]
[BlackTeam "SK Zehlendorf e.V."]

1. c4 b6 2. d4 Bb7 3. d5 e6 4. a3 Bc5 5. Nf3 Nf6 6. Nc3 exd5 7. cxd5 Ng4 8. e3
Qe7 9. Be2 a5 10. O-O O-O 11. Nd4 Nf6 12. Bf3 Qe5 13. Nde2 Bd6 14. g3 Qf5 15.
Bg2 Qh5 16. Nd4 Qxd1 17. Rxd1 Na6 18. Bd2 Rfe8 19. Be1 Nc5 20. Rac1 Be5 21.
Nde2 a4 22. Rc2 Ba6 23. Nc1 Bd6 24. Bf1 Bxf1 25. Kxf1 Ng4 26. h3 Ne5 27. Kg2 g5
28. Nb5 g4 29. Bc3 h5 30. Bxe5 Rxe5 31. Nxd6 cxd6 32. hxg4 hxg4 33. Rd4 f5 34.
Nd3 Nxd3 35. Rxd3 Ra5 36. Rc4 1/2-1/2

[Event "9. Lichtenberger Sommer"]
[Site "Berlin"]
[Date "2010.08.10"]
[Round "4.37"]
[White "Heuser, Philip"]
[Black "Keusch, Horst"]
[Result "1-0"]
[WhiteElo "2108"]
[BlackElo "1953"]
[PlyCount "113"]
[EventDate "2010.??.??"]
[WhiteTeam "SG Heidelberg-Kirchheim"]
[BlackTeam "SC Friesen Lichtenberg e.V."]

1. d4 e6 2. c4 b6 3. Nf3 Bb7 4. Nc3 f5 5. Bg5 Nf6 6. e3 Be7 7. Be2 O-O 8. O-O
d6 9. Qc2 Nbd7 10. Rad1 Ne4 11. Bxe7 Qxe7 12. d5 Nxc3 13. Qxc3 e5 14. b4 g5 15.
Nd2 Rf6 16. e4 f4 17. Bg4 Nf8 18. c5 Qe8 19. cxd6 cxd6 20. Rc1 h5 21. Bf5 g4
22. Qc7 Ba6 23. Rfe1 Qf7 24. Rc6 Bb5 25. Qxf7+ Kxf7 26. Rc7+ Ke8 27. Rec1 a5
28. Rc8+ Rxc8 29. Rxc8+ Ke7 30. Rb8 axb4 31. Rxb6 Bd7 32. Bxd7 Nxd7 33. Rxb4
Nc5 34. f3 Rf8 35. Nb3 Nd3 36. Rb7+ Kf6 37. Rb6 Rd8 38. Kf1 gxf3 39. gxf3 Nb2
40. Na5 Nd1 41. Nc4 Ke7 42. Rb7+ Kf6 43. Rb6 Ke7 44. a4 Rc8 45. Rc6 Rb8 46. Rb6
Rc8 47. Rc6 Rb8 48. a5 Rb1 49. Kg2 Rc1 50. Kh3 Rc3 51. Nxe5 dxe5 52. Rxc3 Nxc3
53. a6 Nb5 54. Kh4 Kd7 55. Kxh5 Kc7 56. Kg5 Kd6 57. h4 1-0

[Event "9. Lichtenberger Sommer"]
[Site "Berlin"]
[Date "2010.08.10"]
[Round "4.38"]
[White "Barwich, Alfred"]
[Black "Albrecht, Rainer"]
[Result "1/2-1/2"]
[WhiteElo "1909"]
[BlackElo "2141"]
[PlyCount "48"]
[EventDate "2010.??.??"]
[WhiteTeam "SV Berolina Mitte e.V."]
[BlackTeam "SC Kreuzberg e.V."]

1. d4 d6 2. c4 Nf6 3. Nc3 Nbd7 4. Nf3 c6 5. e4 e5 6. Be2 Be7 7. O-O O-O 8. Qc2
a6 9. dxe5 dxe5 10. Rd1 Qc7 11. h3 Re8 12. Be3 Bc5 13. Bxc5 Nxc5 14. b4 Ne6 15.
c5 h6 16. Bc4 a5 17. a3 Nd4 18. Qd3 axb4 19. axb4 Rxa1 20. Rxa1 Rd8 21. Rd1 Be6
22. Bxe6 Nxe6 23. Qe3 Rxd1+ 24. Nxd1 Nd7 1/2-1/2

[Event "9. Lichtenberger Sommer"]
[Site "Berlin"]
[Date "2010.08.10"]
[Round "4.39"]
[White "Moritz, Aron"]
[Black "Mehringer, Jörg"]
[Result "1-0"]
[WhiteElo "2027"]
[BlackElo "1894"]
[PlyCount "67"]
[EventDate "2010.??.??"]
[WhiteTeam "SV Empor Berlin e.V."]
[BlackTeam "SC Weisse Dame e.V."]

1. e4 e5 2. Nf3 Nc6 3. Bc4 Nf6 4. d3 Be7 5. c3 O-O 6. Bb3 d5 7. Qe2 dxe4 8.
dxe4 a5 9. h3 a4 10. Bc2 b6 11. Bd3 Qd6 12. O-O Rd8 13. Bb5 Bb7 14. Bg5 h6 15.
Bh4 Qc5 16. Na3 g5 17. Bg3 Nh5 18. Bh2 Nf4 19. Bxf4 exf4 20. e5 Bf8 21. e6 fxe6
22. Qxe6+ Kh8 23. Rfe1 Qd5 24. Qg6 Rd6 25. Qh5 Re6 26. Rxe6 Qxe6 27. Nxg5 Qf6
28. Nf3 Bg7 29. Re1 Qf8 30. Nh4 Qd8 31. Ng6+ Kh7 32. Nxf4 Ne7 33. Rxe7 Qxe7 34.
Qf5+ 1-0

[Event "9. Lichtenberger Sommer"]
[Site "Berlin"]
[Date "2010.08.10"]
[Round "4.40"]
[White "Casny, Guenter"]
[Black "Kapr, Klaus"]
[Result "0-1"]
[WhiteElo "1889"]
[BlackElo "2046"]
[PlyCount "92"]
[EventDate "2010.??.??"]
[WhiteTeam "SC Rochade e.V."]
[BlackTeam "SC Friesen Lichtenberg e.V."]

1. e3 d5 2. d4 Nf6 3. Bd3 Bg4 4. Nf3 e6 5. Nbd2 Be7 6. h3 Bh5 7. c3 Nbd7 8. g4
Bg6 9. Qc2 Bxd3 10. Qxd3 O-O 11. e4 dxe4 12. Nxe4 c5 13. Bf4 cxd4 14. Qxd4 Nxe4
15. Qxe4 Nc5 16. Qe3 Nd3+ 17. Ke2 Nxb2 18. Rab1 Nc4 19. Qe4 Na5 20. Rhd1 Qc8
21. Rd3 Rd8 22. Rb5 Rxd3 23. Qxd3 b6 24. Nd2 Qc6 25. a4 Rd8 26. Qf3 Qd7 27. Qe4
Bf6 28. Qc2 Qc6 29. Bg5 Bxg5 30. Rxg5 Rc8 31. Ne4 g6 32. h4 Nb3 33. Nf6+ Kg7
34. Nh5+ Kh8 35. Qxb3 Qe4+ 36. Kf1 gxh5 37. gxh5 Qh1+ 38. Rg1 Qxh4 39. Qa3 Qxh5
40. Rg3 Qh1+ 41. Rg1 Qh3+ 42. Ke2 Qxc3 43. Qe7 Qc2+ 44. Kf3 Rc3+ 45. Kg4 Qf5+
46. Kh4 Rh3# 0-1

[Event "9. Lichtenberger Sommer"]
[Site "Berlin"]
[Date "2010.08.10"]
[Round "4.41"]
[White "Schulz, Stefanie"]
[Black "Herrmann, Eberhard"]
[Result "1-0"]
[WhiteElo "2083"]
[BlackElo "1818"]
[PlyCount "75"]
[EventDate "2010.??.??"]
[WhiteTeam "SK König Tegel 1949 e.V."]
[BlackTeam "SC Friesen Lichtenberg e.V."]

1. e4 e5 2. Nf3 Nc6 3. Bc4 d6 4. O-O Be7 5. h3 Nf6 6. Nc3 a6 7. a3 O-O 8. d4
exd4 9. Nxd4 Nxd4 10. Qxd4 b5 11. Bd5 c5 12. Qd3 Rb8 13. Bf4 Nd7 14. Rad1 Ne5
15. Qg3 Qc7 16. b3 Be6 17. a4 Rfd8 18. Bxe6 fxe6 19. Bxe5 dxe5 20. Rxd8+ Rxd8
21. axb5 a5 22. Na4 Qd6 23. c4 Qd4 24. Nc3 Qd6 25. Rd1 Qc7 26. Qg4 Rd6 27. Rxd6
Qxd6 28. Qd1 Qc7 29. Na4 Kf8 30. g3 h6 31. b6 Qc6 32. Qe1 Ke8 33. Qxa5 Qxe4 34.
Nxc5 Qb1+ 35. Kg2 Bxc5 36. Qxc5 Qe4+ 37. Kh2 Qb7 38. b4 1-0

[Event "9. Lichtenberger Sommer"]
[Site "Berlin"]
[Date "2010.08.10"]
[Round "4.42"]
[White "Peters, Henning"]
[Black "Guenther, Thomas"]
[Result "1/2-1/2"]
[WhiteElo "1740"]
[BlackElo "2096"]
[PlyCount "85"]
[EventDate "2010.??.??"]
[WhiteTeam "SV Bad Schwartau von 1930"]
[BlackTeam "SV Senat"]

1. e4 c5 2. Nf3 Nc6 3. d4 cxd4 4. Nxd4 Nf6 5. Nc3 d6 6. Be3 e6 7. f3 a6 8. Qd2
Be7 9. O-O-O Qc7 10. g4 O-O 11. Kb1 b5 12. Nxc6 Qxc6 13. g5 Nd7 14. h4 Ne5 15.
Qf2 Bd7 16. Ne2 Rac8 17. Nd4 Qb7 18. Bh3 Nc6 19. Ne2 a5 20. h5 a4 21. g6 a3 22.
Nf4 axb2 23. h6 fxg6 24. hxg7 Rf7 25. Bxe6 Bxe6 26. Nxe6 Qd7 27. Nc5 Qa7 28.
Nd3 Qa3 29. Bd4 Ra8 30. Bxb2 Qxa2+ 31. Kc1 Ne5 32. Nxe5 dxe5 33. Qh2 Bg5+ 34.
Rd2 Rxg7 35. Qxe5 Bxd2+ 36. Kxd2 Rd8+ 37. Ke2 Qc4+ 38. Ke1 Qb4+ 39. Kf2 Qd2+
40. Kg3 Qd6 41. Qxd6 Rxd6 42. Bxg7 Kxg7 43. Rb1 1/2-1/2

[Event "9. Lichtenberger Sommer"]
[Site "Berlin"]
[Date "2010.08.10"]
[Round "4.43"]
[White "Sabrowski, Uwe"]
[Black "Lange, Rudolf"]
[Result "1-0"]
[WhiteElo "2080"]
[BlackElo "1790"]
[PlyCount "93"]
[EventDate "2010.??.??"]
[WhiteTeam "SC Friesen Lichtenberg e.V."]
[BlackTeam "SG Narva Berlin e.V."]

1. d4 d5 2. c4 c6 3. Nf3 Nf6 4. Nc3 e6 5. cxd5 exd5 6. Bg5 Bf5 7. e3 Nbd7 8.
Bd3 Bxd3 9. Qxd3 Bd6 10. O-O O-O 11. Rab1 h6 12. Bh4 Re8 13. b4 b5 14. Rfc1 Nb6
15. e4 g5 16. e5 gxh4 17. exd6 Qxd6 18. Nxh4 Ne4 19. Qh3 Qf4 20. Nxe4 Rxe4 21.
Nf5 Re6 22. Rxc6 Rxc6 23. Ne7+ Kg7 24. Nxc6 Rc8 25. g3 Qe4 26. Rc1 Rc7 27. Qf1
Nc4 28. Re1 Nd2 29. Rxe4 Nxf1 30. Rg4+ Kf8 31. Ne5 Rc1 32. Kg2 Nd2 33. Rf4 Rc7
34. Ng4 Rc6 35. Ne3 Ra6 36. Nxd5 Rxa2 37. Nc7 a5 38. d5 Ke7 39. Nxb5 a4 40. d6+
Ke6 41. Rd4 Kd7 42. Nc3 Nb3 43. Rf4 Ra1 44. Rxf7+ Kxd6 45. Ra7 Rc1 46. Nxa4 Ra1
47. Ra6+ 1-0

[Event "9. Lichtenberger Sommer"]
[Site "Berlin"]
[Date "2010.08.10"]
[Round "4.44"]
[White "Schlittermann, Wolfgang"]
[Black "Krajewski, Wolfgang"]
[Result "0-1"]
[WhiteElo "1683"]
[BlackElo "2098"]
[PlyCount "66"]
[EventDate "2010.??.??"]
[WhiteTeam "SK Gilette"]
[BlackTeam "SK Zehlendorf e.V."]

1. b3 d5 2. Bb2 c5 3. e3 Nc6 4. f4 Nf6 5. Bb5 Bd7 6. Nf3 g6 7. Bxf6 exf6 8. Nc3
a6 9. Bxc6 Bxc6 10. Ne2 Bg7 11. Rc1 Qe7 12. c4 dxc4 13. Rxc4 O-O 14. O-O Rfd8
15. Re1 Rac8 16. Ng3 b5 17. Rc2 f5 18. Kh1 h5 19. Qc1 h4 20. Ne2 h3 21. Neg1
hxg2+ 22. Kxg2 Be4 23. d3 Bxd3 24. Rd2 c4 25. Qd1 Be4 26. bxc4 bxc4 27. Rxd8+
Rxd8 28. Qa4 c3 29. Kf2 c2 30. Qb3 Bf6 31. Ne2 Bh4+ 32. Nxh4 Qxh4+ 33. Kf1 Qh3+
0-1

[Event "9. Lichtenberger Sommer"]
[Site "Berlin"]
[Date "2010.08.10"]
[Round "4.45"]
[White "Hünerfauth, Uwe"]
[Black "Hempel-Morgenstern, Markus"]
[Result "1-0"]
[WhiteElo "2108"]
[BlackElo "1564"]
[PlyCount "57"]
[EventDate "2010.??.??"]
[WhiteTeam "SK Landau"]
[BlackTeam "SG Weißensee 49 e.V."]

1. e4 d5 2. Nc3 d4 3. Nce2 e5 4. Ng3 Nf6 5. Nf3 Bd6 6. Bc4 O-O 7. O-O Bg4 8. h3
Bd7 9. d3 b5 10. Bb3 a5 11. a3 a4 12. Ba2 Qc8 13. Bg5 Ne8 14. Nh4 Be6 15. Nhf5
f6 16. Qg4 Kf7 17. Bd2 Na6 18. Qh5+ Kg8 19. f4 Bxa2 20. Rxa2 Qe6 21. Raa1 Qf7
22. Qg4 Qg6 23. Qf3 c5 24. Rf2 Ra7 25. Nxd6 Nxd6 26. fxe5 Ne8 27. Nf5 Raf7 28.
e6 Ra7 29. Nh4 1-0

[Event "9. Lichtenberger Sommer"]
[Site "Berlin"]
[Date "2010.08.10"]
[Round "4.46"]
[White "Schmalzried, Volker"]
[Black "Keil, Uwe"]
[Result "0-1"]
[WhiteElo "1853"]
[BlackElo "2151"]
[PlyCount "62"]
[EventDate "2010.??.??"]
[WhiteTeam "Umweltbundesamt"]
[BlackTeam "SC Friesen Lichtenberg e.V."]

1. c4 e5 2. Nc3 Nc6 3. g3 g6 4. Bg2 Bg7 5. e3 d6 6. Nge2 Nge7 7. O-O O-O 8. Rb1
Be6 9. d3 Qd7 10. b4 Bh3 11. Bd2 Bxg2 12. Kxg2 d5 13. c5 d4 14. Ne4 Nf5 15. b5
Nce7 16. exd4 Nxd4 17. Nxd4 exd4 18. a4 Kh8 19. Re1 Nd5 20. Qc1 c6 21. Bh6 f5
22. Bxg7+ Qxg7 23. Ng5 Rfe8 24. Qc4 f4 25. Ne6 Qf6 26. Nxd4 g5 27. Nc2 Qf5 28.
h3 g4 29. hxg4 Qxg4 30. Rh1 Re2 31. Rbf1 Qxg3# 0-1

[Event "9. Lichtenberger Sommer"]
[Site "Berlin"]
[Date "2010.08.10"]
[Round "4.47"]
[White "Popp, Maximilian"]
[Black "Poseck, Steffen"]
[Result "1/2-1/2"]
[WhiteElo "1705"]
[BlackElo "2064"]
[PlyCount "21"]
[EventDate "2010.??.??"]
[WhiteTeam "Spvgg 1946 e.V. Stetten"]
[BlackTeam "BSV 63 Chemie Weißensee"]

1. e4 c5 2. Nc3 Nc6 3. g4 e6 4. Bg2 Rb8 5. d3 b5 6. Nge2 Nge7 7. Ng3 b4 8. Nce2
Nd4 9. Nxd4 cxd4 10. f4 Ng6 11. O-O 1/2-1/2